| 000 | 00692nam a2200205Ii 4500 | ||
|---|---|---|---|
| 003 | JO-AjNU | ||
| 008 | 230605s9999||||xx |||||||||||||| ||und|| | ||
| 040 |
_aJO-AjNU _bara _erda _cJO-AjNU |
||
| 041 | _aara | ||
| 050 | 1 | 4 | _aBL80.2.A38.1974 |
| 100 | 3 |
_aأبو حمده،محمد علي, _eauthor _917270 |
|
| 245 | 0 | 0 | _aالفكر الإسلامي وطرائق النقد الأدبي |
| 250 | _aط1 | ||
| 264 | 3 | 1 | _aعمان:محمد علي أبو حمده ،1974 |
| 300 | _a136ص | ||
| 336 |
_atext _btxt _2rdacontent |
||
| 337 |
_aunmediated _bn _2rdamedia |
||
| 338 |
_avolume _bnc _2rdacarrier |
||
| 650 | 4 |
_aالادب العربي-تاريخ ونقد-الادب الاسلامي _917271 |
|
| 999 |
_aA5299 _c8867 _d8867 |
||